Brocklesby v Armitage & Guest (Record no. 66920)

MARC details
000 -LEADER
fixed length control field 01354cam a2200229 4500
001 - CONTROL NUMBER
control field ABS63900
008 - FIXED-LENGTH DATA ELEMENTS--GENERAL INFORMATION
fixed length control field 000000n2001 000 0 eng u
035 ## - SYSTEM CONTROL NUMBER
System control number (Sirsi) u112430
245 ## - TITLE STATEMENT
Title Brocklesby v Armitage & Guest
260 ## - PUBLICATION, DISTRIBUTION, ETC.
Date of publication, distribution, etc. 2001
490 ## - SERIES STATEMENT
Series statement Estates Gazette
Volume/sequential designation [2001] 14 EG 150-154(5)
520 ## - SUMMARY, ETC.
Summary, etc. CA 9 July 1999. The appellant (B) was appealing aginst a decision of Leeds District Registry which had disallowed proceedings against the respondent (A) for negligence. B had acquired a property from a company with the aid of a mortgage. A few months later due to B's illness it was agreed that the company would repurchase the property. The defendants solicitor was instructed to act for both parties but failed to produce B's release from the mortgage. B brought proceedings against A for failing to secure the release. The proceedings were disallowed because B had insufficient particulars but B appealed. Held that B had given sufficient particulars in his reply. Appeal allowed.
590 ## - LOCAL NOTE (RLIN)
Local note ABS
650 ## - SUBJECT ADDED ENTRY--TOPICAL TERM
Topical term or geographic name entry element BROCKLESBY V ARMITAGE & GUEST
650 ## - SUBJECT ADDED ENTRY--TOPICAL TERM
Topical term or geographic name entry element PROFESSIONAL NEGLIGENCE
650 ## - SUBJECT ADDED ENTRY--TOPICAL TERM
Topical term or geographic name entry element LIMITATION ACT 1980
650 ## - SUBJECT ADDED ENTRY--TOPICAL TERM
Topical term or geographic name entry element LIMITATION PERIOD
650 ## - SUBJECT ADDED ENTRY--TOPICAL TERM
Topical term or geographic name entry element KING V VICTOR PARSONS
650 ## - SUBJECT ADDED ENTRY--TOPICAL TERM
Topical term or geographic name entry element SHELDON V RHM OUTHWAITE (UNDERWRITING AGENCIES) LTD
690 ## - LOCAL SUBJECT ADDED ENTRY--TOPICAL TERM (OCLC, RLIN)
Topical term or geographic name as entry element MANAGEMENT-BUSINESS MANAGEMENT-PROFESSIONAL PRACTICE
942 ## - ADDED ENTRY ELEMENTS (KOHA)
Suppress in OPAC 0
Holdings
Withdrawn status Lost status Source of classification or shelving scheme Damaged status Not for loan Home library Current library Shelving location Date acquired Total Checkouts Full call number Barcode Date last seen Copy number Price effective from Koha item type
    Dewey Decimal Classification     London London Journal article 04/05/2001   ABS63900 112430-1001 06/08/2019 1 06/08/2019 Law report